Narodowości piłkarzy PSG - Statystyki

Ogólne statystyki
  • Ten quiz został rozwiązany 156 razy
  • Średni wynik to 13 z 15
Statystyki odpowiedzi
Piłkarz Narosowość % Poprawnych
Messi Argentyna
99%
Mbappe Francja
99%
Neymar Jr Brazylia
98%
Donnarumma Włochy
98%
Kimpembe Francja
97%
Ramos Hiszpania
97%
Marquinhos Brazylia
96%
Hakimi Maroko
96%
Verratti Włochy
93%
Navas Kostaryka
87%
Mendes Portugalia
80%
Vitinha Portugalia
80%
Soler Hiszpania
79%
Fabian Hiszpania
75%
Ekitike Francja
74%
Nie znaleziono quizów pasujących do podanych kryteriów
Rozkład punktacji
Procent ludzi z każdym wynikiem
Percentyl według liczby udzielonych odpowiedzi
Twoja historia wyników
Nie rozwiązałeś tego quizu